<?xml version="1.0" encoding="UTF-8"?>
<record
    xmlns:xsi="http://www.w3.org/2001/XMLSchema-instance"
    xsi:schemaLocation="http://www.loc.gov/MARC21/slim http://www.loc.gov/standards/marcxml/schema/MARC21slim.xsd"
    xmlns="http://www.loc.gov/MARC21/slim">

  <leader>00747nam a2200157Ia 4500</leader>
  <controlfield tag="008">120626s9999    xx            000 0 und d</controlfield>
  <datafield tag="020" ind1=" " ind2=" ">
    <subfield code="a">978-844-581-783-4</subfield>
  </datafield>
  <datafield tag="050" ind1=" " ind2=" ">
    <subfield code="a">C RC465 D71518</subfield>
  </datafield>
  <datafield tag="100" ind1=" " ind2=" ">
    <subfield code="a">SPITZER, Robert L.</subfield>
  </datafield>
  <datafield tag="245" ind1=" " ind2=" ">
    <subfield code="a">DSM-IV-TR, libro de casos ; los expertos cuentan de primera mano c&#xF3;mo tratan a sus pacientes / Robert L. Spitzer ...[et   al.]; tr. Santiago Madero Garc&#xED;a</subfield>
  </datafield>
  <datafield tag="260" ind1=" " ind2=" ">
    <subfield code="a">Barcelona ; M&#xE9;xico : Elsevier Masson</subfield>
  </datafield>
  <datafield tag="300" ind1=" " ind2=" ">
    <subfield code="a">427 p.</subfield>
  </datafield>
  <datafield tag="500" ind1=" " ind2=" ">
    <subfield code="a">VOLUMEN.- 2</subfield>
  </datafield>
  <datafield tag="650" ind1=" " ind2=" ">
    <subfield code="a">1. ENFERMEDADES MENTALES -- TRATAMIENTO -- ESTUDIO DE CASOS  2. ENFERMEDADES MENTALES -- DIAGNOSTICO -- CLASIFICACION -- ESTUDIO DE CASOS</subfield>
  </datafield>
  <datafield tag="700" ind1=" " ind2=" ">
    <subfield code="a">First, Michael B., coaut.  II. Williams, Janet B.W., coaut.  III. Gibbon, Miriam, coaut.&#xCC;</subfield>
  </datafield>
  <datafield tag="952" ind1=" " ind2=" ">
    <subfield code="0">0</subfield>
    <subfield code="1">0</subfield>
    <subfield code="4">0</subfield>
    <subfield code="7">0</subfield>
    <subfield code="a">09</subfield>
    <subfield code="b">09</subfield>
    <subfield code="d">2011-01-18</subfield>
    <subfield code="l">16</subfield>
    <subfield code="o">C RC465 D71518</subfield>
    <subfield code="p">09 003871</subfield>
    <subfield code="r">2018-07-24</subfield>
    <subfield code="s">2018-07-24</subfield>
    <subfield code="t">1</subfield>
    <subfield code="w">2012-06-26</subfield>
    <subfield code="y">LB</subfield>
  </datafield>
  <datafield tag="999" ind1=" " ind2=" ">
    <subfield code="c">64668</subfield>
    <subfield code="d">64668</subfield>
  </datafield>
</record>
